[Event "Titled Tuesday intern op 22nd Aug Late"]
[Site "Chess.com INT"]
[Date "2023.08.22"]
[Round "2"]
[White "Fernandez Bustamante, Leancy B"]
[Black "Matta, Nicholas F"]
[Result "0-1"]
[WhiteElo "2059"]
[BlackElo "2253"]
[PlyCount "136"]
[EventDate "2023.08.22"]
[EventType "swiss (blitz)"]
[EventRounds "11"]
[EventCountry "USA"]
[SourceTitle "EXT 2024"]
[Source "ChessBase"]
[SourceDate "2023.10.10"]
[SourceVersion "1"]
[SourceVersionDate "2023.10.10"]
[SourceQuality "1"]

1. e4 e6 2. d4 d5 3. e5 c5 4. c3 Qb6 5. Nf3 Nc6 6. a3 c4 7. Be2 Bd7 8. 0-0 Na5 9. Nbd2 Ne7 10. Nh4 g5 11. Nhf3 h6 12. Rb1 Nc8 13. b4 cxb3 14. Nxb3 Ba4 15. Nfd2 Qc7 16. Bb2 Nb6 17. Bd3 Nbc4 18. Bc2 Nxd2 19. Nxd2 Bxc2 20. Qxc2 Bg7 21. Qa4+ Nc6 22. c4 dxc4 23. Nxc4 0-0 24. Rfc1 Qd7 25. Qb3 b6 26. Rd1 Rfd8 27. Qe3 Qd5 28. Nd6 Rxd6 29. exd6 Qxd6 30. d5 exd5 31. Bxg7 Kxg7 32. Rbc1 Rd8 33. h4 d4 34. Qd2 gxh4 35. Qd3 Ne5 36. Qh3 Qf6 37. Rd3 Nxd3 38. Qxd3 Qg6 39. Qh3 d3 40. Qxh4 d2 41. Rd1 Qc2 42. Qg4+ Kh7 43. Qf3 Rd7 44. g3 Re7 45. Kg2 Qe4 46. Qxe4+ Rxe4 47. Rxd2 Kg7 48. Rd3 Ra4 49. Kf3 b5 50. Ke3 a5 51. Rb3 b4 52. axb4 Rxb4 53. Ra3 a4 54. f4 Rb3+ 55. Rxb3 axb3 56. Kd3 Kg6 57. g4 h5 58. gxh5+ Kxh5 59. Kc3 Kg4 60. Kxb3 Kxf4 61. Kc3 Ke3 62. Kc2 f5 63. Kd1 Kf2 64. Kd2 f4 65. Kd1 f3 66. Kd2 Kg2 67. Ke3 f2 68. Ke2 f1Q+ 0-1

[Event "Fort Lauderdale 1000 GM IM 08"]
[Site "Fort Lauderdale"]
[Date "2023.08.05"]
[Round "7"]
[White "Barrientos Chavarriaga, Sergio E"]
[Black "Matta, Nicholas F"]
[Result "0-1"]
[WhiteElo "2469"]
[BlackElo "2253"]
[PlyCount "120"]
[EventDate "2023.08.02"]
[EventType "tourn"]
[EventRounds "9"]
[EventCountry "USA"]
[SourceTitle "CBM 215 Extra"]
[Source "ChessBase"]
[SourceDate "2023.09.30"]
[SourceVersion "1"]
[SourceVersionDate "2023.09.30"]
[SourceQuality "1"]

1. d4 d5 2. c4 e6 3. Nf3 Nf6 4. g3 dxc4 5. Bg2 Nbd7 6. 0-0 Rb8 7. Qc2 b5 8. b3 Bb7 9. bxc4 Be4 10. Qd1 bxc4 11. Nbd2 Bd5 12. Qc2 c3 13. Qxc3 c5 14. Ba3 Be7 15. dxc5 Rc8 16. e4 Ba8 17. e5 Nd5 18. Qd4 0-0 19. Nb3 Qc7 20. Rac1 a5 21. Rfe1 Qa7 22. Rc4 Bc6 23. Rec1 Rfd8 24. Qd2 Nb4 25. Bxb4 axb4 26. Qf4 Qxa2 27. Nfd4 Bxg2 28. Kxg2 Qa8+ 29. Nf3 h6 30. Qe3 Bg5 31. Qe1 Bxc1 32. Rxc1 Qd5 33. Qe3 Nxe5 34. Qxe5 Qxb3 35. Qe4 Qa3 36. Rc4 b3 37. Qe3 Qa2 38. Rg4 Qa1 39. Qxh6 Rxc5 40. Qh4 Rdc8 41. Ng5 Rxg5 42. Rxg5 Qa8+ 43. Kh3 g6 44. Rb5 Qh1 45. Qg5 Qf1+ 46. Kh4 Qxf2 47. Rxb3 Qxh2+ 48. Kg4 Rc4+ 49. Kf3 Qh1+ 50. Ke2 Qg2+ 51. Ke1 Re4+ 52. Kd1 Qf1+ 53. Kc2 Re2+ 54. Kc3 Qf3+ 55. Kb4 Qe4+ 56. Ka3 Qa8+ 57. Kb4 Re4+ 58. Kc3 Qa1+ 59. Rb2 Re2 60. Qd8+ Kg7 0-1